[Event "Irena Warakomska Memorial A"]
[Site "Suwalki"]
[Date "2021.08.01"]
[Round "7"]
[White "Dylag, Emilia"]
[Black "Wikar, Martyna"]
[Result "1/2-1/2"]
[Board "32"]
[WhiteElo "2144"]
[WhiteTitle "WFM"]
[WhiteCountry "POL"]
[WhiteFideId "21805172"]
[WhiteEloChange "1"]
[BlackElo "2168"]
[BlackCountry "POL"]
[BlackFideId "21807663"]
[BlackEloChange "-1"]

1. d4 {[%clk 1:30:58]} Nf6 {[%clk 1:27:20]} 2. c4 {[%clk 1:31:15]} g6 {[%clk
1:27:13]} 3. Nc3 {[%clk 1:31:36]} Bg7 {[%clk 1:27:30]} 4. e4 {[%clk 1:31:54]} d6
{[%clk 1:27:49]} 5. Be2 {[%clk 1:32:14]} e5 {[%clk 1:25:48]} 6. Nf3 {[%clk
1:31:47]} Nc6 {[%clk 1:23:56]} 7. d5 {[%clk 1:31:29]} Ne7 {[%clk 1:24:07]} 8. O-O
{[%clk 1:31:28]} O-O {[%clk 1:24:31]} 9. Ne1 {[%clk 1:31:30]} Nd7 {[%clk
1:24:21]} 10. Nd3 {[%clk 1:31:17]} f5 {[%clk 1:24:32]} 11. Bd2 {[%clk 1:30:04]}
Rf7 {[%clk 1:23:44]} 12. Rc1 {[%clk 1:28:57]} Nf6 {[%clk 1:23:41]} 13. f3 {[%clk
1:29:12]} f4 {[%clk 1:23:20]} 14. c5 {[%clk 1:28:49]} g5 {[%clk 1:23:00]} 15. Nb5
{[%clk 1:26:34]} Ng6 {[%clk 1:21:51]} 16. Ba5 {[%clk 1:23:23]} b6 {[%clk
1:11:30]} 17. cxd6 {[%clk 1:23:01]} cxd6 {[%clk 1:04:15]} 18. Be1 {[%clk
1:22:10]} g4 {[%clk 1:01:15]} 19. fxg4 {[%clk 1:20:09]} Nxe4 {[%clk 0:58:37]} 20.
Qc2 {[%clk 1:10:17]} Nc5 {[%clk 0:50:19]} 21. Nf2 {[%clk 0:41:03]} Bh6 {[%clk
0:46:48]} 22. Bf3 {[%clk 0:36:12]} Ba6 {[%clk 0:45:33]} 23. a4 {[%clk 0:35:21]}
Rc8 {[%clk 0:36:51]} 24. Qd1 {[%clk 0:30:06]} Nh4 {[%clk 0:26:20]} 25. b4 {[%clk
0:28:37]} Bxb5 {[%clk 0:23:47]} 26. axb5 {[%clk 0:28:52]} e4 {[%clk 0:21:13]} 27.
Nxe4 {[%clk 0:25:14]} Nxf3+ {[%clk 0:21:33]} 28. Qxf3 {[%clk 0:23:11]} Nxe4
{[%clk 0:21:19]} 29. Rxc8 {[%clk 0:23:13]} Qxc8 {[%clk 0:21:46]} 30. Qxe4 {[%clk
0:23:34]} Qxg4 {[%clk 0:21:04]} 31. Bc3 {[%clk 0:17:12]} Qg6 {[%clk 0:17:03]} 32.
Qf3 {[%clk 0:15:28]} Bg7 {[%clk 0:09:57]} 33. Re1 {[%clk 0:12:50]} Rf8 {[%clk
0:07:31]} 34. Bxg7 {[%clk 0:11:33]} Qxg7 {[%clk 0:07:51]} 35. h3 {[%clk 0:07:54]}
Kh8 {[%clk 0:07:21]} 36. Re4 {[%clk 0:06:22]} Qg3 {[%clk 0:05:28]} 37. Re6 {[%clk
0:04:32]} Rc8 {[%clk 0:04:12]} 38. Qxg3 {[%clk 0:03:16]} fxg3 {[%clk 0:04:40]}
39. Kf1 {[%clk 0:03:38]} Rc4 {[%clk 0:04:25]} 40. Rxd6 {[%clk 0:33:45]} Rxb4
{[%clk 0:34:33]} 41. Rd8+ {[%clk 0:32:43]} Kg7 {[%clk 0:34:58]} 42. Rd7+ {[%clk
0:33:01]} Kg6 {[%clk 0:34:06]} 43. Rxa7 {[%clk 0:32:35]} Rxb5 {[%clk 0:34:12]}
44. d6 {[%clk 0:32:12]} Rd5 {[%clk 0:32:35]} 45. d7 {[%clk 0:31:46]} b5 {[%clk
0:31:01]} 46. Rb7 {[%clk 0:29:08]} b4 {[%clk 0:30:29]} 47. Rxb4 {[%clk 0:29:18]}
Rxd7 {[%clk 0:30:57]} 48. Rg4+ {[%clk 0:29:36]} Kf5 {[%clk 0:31:23]} 49. Rxg3
{[%clk 0:29:58]} Ra7 {[%clk 0:31:27]} 50. Rf3+ {[%clk 0:30:06]} Kg5 {[%clk
0:31:40]} 51. Kf2 {[%clk 0:30:25]} Ra2+ {[%clk 0:31:46]} 52. Kg3 {[%clk 0:30:48]}
Ra4 {[%clk 0:31:53]} 53. Rb3 {[%clk 0:30:56]} Rc4 {[%clk 0:31:08]} 54. Rb5+
{[%clk 0:30:58]} Kg6 {[%clk 0:31:32]} 55. Kf3 {[%clk 0:30:36]} Ra4 {[%clk
0:31:06]} 56. Kg3 {[%clk 0:30:12]} Ra3+ {[%clk 0:31:29]} 57. Kh4 {[%clk 0:30:31]}
Ra6 {[%clk 0:30:55]} 58. g4 {[%clk 0:30:49]} h6 {[%clk 0:30:51]} 59. Rf5 {[%clk
0:30:17]} Ra3 {[%clk 0:30:57]} 60. Rb5 {[%clk 0:30:35]} Ra6 {[%clk 0:31:20]} 61.
Rb3 {[%clk 0:30:06]} Rc6 {[%clk 0:31:19]} 62. Kg3 {[%clk 0:30:17]} h5 {[%clk
0:30:21]} 63. Rb5 {[%clk 0:30:25]} hxg4 {[%clk 0:30:27]} 64. hxg4 {[%clk
0:30:50]} Rd6 {[%clk 0:28:46]} 65. Kh4 {[%clk 0:31:13]} Ra6 {[%clk 0:29:07]} 66.
Rg5+ {[%clk 0:30:17]} Kh6 {[%clk 0:29:26]} 67. Rg8 {[%clk 0:30:35]} Kh7 {[%clk
0:29:47]} 68. Rb8 {[%clk 0:30:51]} Kg6 {[%clk 0:30:06]} 69. Rb5 {[%clk 0:31:03]}
1/2-1/2

[Event "Irena Warakomska Memorial A"]
[Site "Suwalki"]
[Date "2021.08.01"]
[Round "7"]
[White "Renkowski, Piotr"]
[Black "Stanisz, Patryk"]
[Result "1-0"]
[Board "33"]
[WhiteElo "2150"]
[WhiteCountry "POL"]
[WhiteFideId "1114166"]
[WhiteEloChange "10"]
[BlackElo "2140"]
[BlackCountry "POL"]
[BlackFideId "1123106"]
[BlackEloChange "-10"]

1. e4 {[%clk 1:30:59]} c6 {[%clk 1:30:35]} 2. c4 {[%clk 1:31:27]} d5 {[%clk
1:30:51]} 3. cxd5 {[%clk 1:31:55]} cxd5 {[%clk 1:31:05]} 4. exd5 {[%clk 1:32:24]}
Nf6 {[%clk 1:31:19]} 5. Qa4+ {[%clk 1:32:52]} Nbd7 {[%clk 1:31:37]} 6. Nc3 {[%clk
1:33:15]} g6 {[%clk 1:30:36]} 7. Nf3 {[%clk 1:33:43]} Bg7 {[%clk 1:29:23]} 8. Bc4
{[%clk 1:34:11]} O-O {[%clk 1:29:17]} 9. d3 {[%clk 1:34:37]} Nb6 {[%clk 1:18:00]}
10. Qb3 {[%clk 1:35:06]} e6 {[%clk 0:40:51]} 11. dxe6 {[%clk 1:34:58]} Nxc4
{[%clk 0:39:33]} 12. exf7+ {[%clk 1:30:35]} Rxf7 {[%clk 0:39:48]} 13. dxc4 {[%clk
1:30:33]} Ng4 {[%clk 0:33:52]} 14. Nd5 {[%clk 1:22:30]} Qd6 {[%clk 0:30:07]} 15.
Be3 {[%clk 1:19:33]} b5 {[%clk 0:24:41]} 16. c5 {[%clk 1:13:56]} Qf8 {[%clk
0:25:10]} 17. Ng5 {[%clk 1:11:50]} Kh8 {[%clk 0:20:22]} 18. Nxf7+ {[%clk
1:06:39]} Qxf7 {[%clk 0:20:47]} 19. Nf4 {[%clk 1:04:38]} Qc7 {[%clk 0:20:55]} 20.
Ne6 {[%clk 1:00:24]} Bxe6 {[%clk 0:21:13]} 21. Qxe6 {[%clk 1:00:49]} Bxb2 {[%clk
0:21:11]} 22. Rd1 {[%clk 0:51:36]} Nxe3 {[%clk 0:11:06]} 23. Qxe3 {[%clk
0:52:01]} Qa5+ {[%clk 0:11:04]} 24. Kf1 {[%clk 0:52:26]} Qxa2 {[%clk 0:10:40]}
25. g3 {[%clk 0:51:36]} Qc4+ {[%clk 0:10:09]} 26. Kg2 {[%clk 0:51:06]} Rc8 {[%clk
0:10:08]} 27. Rhe1 {[%clk 0:49:46]} a5 {[%clk 0:08:35]} 28. Rd7 {[%clk 0:48:03]}
Qxc5 {[%clk 0:05:51]} 29. Qxc5 {[%clk 0:48:05]} 1-0

[Event "Irena Warakomska Memorial A"]
[Site "Suwalki"]
[Date "2021.08.01"]
[Round "7"]
[White "Valantiejus, Vaidotas"]
[Black "Kaczmarek, Arkadiusz"]
[Result "1/2-1/2"]
[Board "34"]
[WhiteElo "2124"]
[WhiteCountry "LTU"]
[WhiteFideId "12807370"]
[WhiteEloChange "1"]
[BlackElo "2147"]
[BlackCountry "POL"]
[BlackFideId "1178393"]
[BlackEloChange "-1"]

1. e4 {[%clk 1:30:46]} e6 {[%clk 1:30:42]} 2. d4 {[%clk 1:31:08]} d5 {[%clk
1:31:01]} 3. Nd2 {[%clk 1:31:13]} Nf6 {[%clk 1:31:06]} 4. e5 {[%clk 1:31:25]}
Nfd7 {[%clk 1:31:22]} 5. Bd3 {[%clk 1:31:42]} c5 {[%clk 1:31:40]} 6. c3 {[%clk
1:32:07]} Nc6 {[%clk 1:31:55]} 7. Ne2 {[%clk 1:32:26]} cxd4 {[%clk 1:32:09]} 8.
cxd4 {[%clk 1:32:53]} f6 {[%clk 1:32:23]} 9. exf6 {[%clk 1:33:15]} Nxf6 {[%clk
1:32:40]} 10. O-O {[%clk 1:33:23]} Bd6 {[%clk 1:32:57]} 11. Nf3 {[%clk 1:33:44]}
Qc7 {[%clk 1:33:15]} 12. h3 {[%clk 1:33:15]} O-O {[%clk 1:33:22]} 13. Be3 {[%clk
1:33:12]} Bd7 {[%clk 1:20:30]} 14. Rc1 {[%clk 1:30:35]} Rae8 {[%clk 1:20:42]} 15.
Nc3 {[%clk 1:26:26]} a6 {[%clk 1:21:01]} 16. a3 {[%clk 1:25:25]} Qb8 {[%clk
1:15:02]} 17. Re1 {[%clk 1:24:00]} Kh8 {[%clk 1:08:29]} 18. Bb1 {[%clk 1:15:51]}
b5 {[%clk 0:59:17]} 19. Qd3 {[%clk 1:02:05]} Re7 {[%clk 0:31:10]} 20. Bg5 {[%clk
0:53:32]} Ref7 {[%clk 0:19:20]} 21. Bh4 {[%clk 0:48:37]} Bf4 {[%clk 0:19:39]} 22.
Ng5 {[%clk 0:47:17]} Bxg5 {[%clk 0:18:45]} 23. Bxg5 {[%clk 0:47:45]} g6 {[%clk
0:18:57]} 24. Bh6 {[%clk 0:40:16]} Rg8 {[%clk 0:16:10]} 25. Qd2 {[%clk 0:38:33]}
Nh5 {[%clk 0:14:56]} 26. Ne2 {[%clk 0:34:32]} Qd8 {[%clk 0:13:47]} 27. Bg5 {[%clk
0:34:02]} Qb6 {[%clk 0:12:29]} 28. Qe3 {[%clk 0:33:02]} Rgf8 {[%clk 0:12:02]} 29.
Bh6 {[%clk 0:32:10]} Re8 {[%clk 0:11:46]} 30. f4 {[%clk 0:30:41]} Nf6 {[%clk
0:05:04]} 31. Red1 {[%clk 0:28:59]} Ng8 {[%clk 0:05:09]} 32. Bg5 {[%clk 0:29:21]}
Kg7 {[%clk 0:05:27]} 33. Kh2 {[%clk 0:25:47]} h6 {[%clk 0:03:54]} 34. Bh4 {[%clk
0:26:14]} e5 {[%clk 0:04:05]} 35. Qg3 {[%clk 0:18:02]} Nxd4 {[%clk 0:02:56]} 36.
Nxd4 {[%clk 0:18:20]} exd4 {[%clk 0:03:24]} 37. Qf2 {[%clk 0:15:24]} Re3 {[%clk
0:02:10]} 38. Bg3 {[%clk 0:15:29]} Nf6 {[%clk 0:01:19]} 39. Qd2 {[%clk 0:14:54]}
Ne4 {[%clk 0:00:52]} 40. Bxe4 {[%clk 0:45:21]} Rxe4 {[%clk 0:31:08]} 41. b4
{[%clk 0:41:03]} Kh7 {[%clk 0:26:31]} 42. Rc5 {[%clk 0:40:55]} Qe6 {[%clk
0:24:37]} 43. Kg1 {[%clk 0:34:35]} Qf5 {[%clk 0:18:01]} 44. Qf2 {[%clk 0:28:14]}
g5 {[%clk 0:11:34]} 45. Rxd4 {[%clk 0:22:13]} Rxd4 {[%clk 0:10:02]} 46. Qxd4
{[%clk 0:22:41]} gxf4 {[%clk 0:10:11]} 47. Bf2 {[%clk 0:19:43]} Be6 {[%clk
0:09:39]} 48. Qc3 {[%clk 0:16:42]} Qg6 {[%clk 0:03:24]} 1/2-1/2

[Event "Irena Warakomska Memorial A"]
[Site "Suwalki"]
[Date "2021.08.01"]
[Round "7"]
[White "Derylo, Kamil"]
[Black "Kukula, Pawel"]
[Result "1-0"]
[Board "35"]
[WhiteElo "2062"]
[WhiteCountry "POL"]
[WhiteFideId "21846596"]
[WhiteEloChange "14"]
[BlackElo "2195"]
[BlackCountry "POL"]
[BlackFideId "1115081"]
[BlackEloChange "-14"]

1. e4 {[%clk 1:26:03]} c5 {[%clk 1:30:48]} 2. Nf3 {[%clk 1:26:28]} Nc6 {[%clk
1:31:08]} 3. Bb5 {[%clk 1:26:50]} a6 {[%clk 1:31:34]} 4. Bxc6 {[%clk 1:27:04]}
dxc6 {[%clk 1:31:59]} 5. O-O {[%clk 1:23:29]} Qc7 {[%clk 1:32:22]} 6. c3 {[%clk
1:20:12]} e5 {[%clk 1:28:27]} 7. h3 {[%clk 1:18:08]} Bd6 {[%clk 1:28:42]} 8. d4
{[%clk 1:18:24]} cxd4 {[%clk 1:28:56]} 9. cxd4 {[%clk 1:18:44]} exd4 {[%clk
1:29:04]} 10. Qxd4 {[%clk 1:16:59]} f6 {[%clk 1:22:54]} 11. e5 {[%clk 1:16:13]}
fxe5 {[%clk 1:23:09]} 12. Nxe5 {[%clk 1:14:40]} Be6 {[%clk 1:18:27]} 13. Re1
{[%clk 1:06:34]} O-O-O {[%clk 1:16:40]} 14. Nc3 {[%clk 1:06:35]} Nf6 {[%clk
1:14:37]} 15. Bf4 {[%clk 1:01:11]} Nd5 {[%clk 1:07:33]} 16. Bg3 {[%clk 0:58:23]}
Nxc3 {[%clk 1:02:05]} 17. Qxc3 {[%clk 0:55:14]} Bd5 {[%clk 1:01:42]} 18. Re3
{[%clk 0:54:33]} Kb8 {[%clk 0:49:28]} 19. Rae1 {[%clk 0:53:04]} Rhf8 {[%clk
0:40:52]} 20. a3 {[%clk 0:50:13]} Ka8 {[%clk 0:38:59]} 21. b4 {[%clk 0:48:04]} g5
{[%clk 0:28:29]} 22. Nd3 {[%clk 0:44:29]} Bxg3 {[%clk 0:25:38]} 23. Rxg3 {[%clk
0:44:46]} h6 {[%clk 0:25:49]} 24. Rge3 {[%clk 0:40:20]} Rf7 {[%clk 0:15:12]} 25.
Re8 {[%clk 0:39:06]} Rf8 {[%clk 0:09:05]} 26. R8e7 {[%clk 0:38:29]} Qc8 {[%clk
0:04:29]} 27. Nc5 {[%clk 0:37:10]} Qf5 {[%clk 0:04:12]} 28. f3 {[%clk 0:36:01]}
b6 {[%clk 0:02:16]} 29. Ne6 {[%clk 0:33:39]} 1-0

[Event "Irena Warakomska Memorial A"]
[Site "Suwalki"]
[Date "2021.08.01"]
[Round "7"]
[White "Skurniak, Szymon"]
[Black "Kozlowski, Michal"]
[Result "1-0"]
[Board "36"]
[WhiteElo "2143"]
[WhiteCountry "POL"]
[WhiteFideId "21805571"]
[WhiteEloChange "7"]
[BlackElo "2043"]
[BlackCountry "POL"]
[BlackFideId "21838194"]
[BlackEloChange "-7"]

1. c4 {[%clk 1:30:58]} c5 {[%clk 1:30:57]} 2. Nc3 {[%clk 1:31:20]} Nc6 {[%clk
1:31:19]} 3. Nf3 {[%clk 1:31:45]} g6 {[%clk 1:31:27]} 4. e3 {[%clk 1:32:07]} Nf6
{[%clk 1:31:10]} 5. d4 {[%clk 1:32:10]} cxd4 {[%clk 1:31:36]} 6. exd4 {[%clk
1:32:30]} d5 {[%clk 1:31:31]} 7. cxd5 {[%clk 1:32:54]} Nxd5 {[%clk 1:31:59]} 8.
Qb3 {[%clk 1:33:18]} Nxc3 {[%clk 1:28:33]} 9. Bc4 {[%clk 1:33:46]} Nd5 {[%clk
1:24:13]} 10. Bxd5 {[%clk 1:33:52]} e6 {[%clk 1:24:42]} 11. Bxc6+ {[%clk
1:33:32]} bxc6 {[%clk 1:25:11]} 12. O-O {[%clk 1:21:22]} Bg7 {[%clk 1:18:02]} 13.
Bg5 {[%clk 1:07:47]} Qd6 {[%clk 1:13:24]} 14. Rac1 {[%clk 0:56:30]} O-O {[%clk
1:13:03]} 15. Qa4 {[%clk 0:51:02]} Bd7 {[%clk 0:47:06]} 16. Rc5 {[%clk 0:42:34]}
e5 {[%clk 0:37:39]} 17. Re1 {[%clk 0:33:03]} Rfe8 {[%clk 0:20:50]} 18. Rcxe5
{[%clk 0:28:22]} Bxe5 {[%clk 0:20:09]} 19. dxe5 {[%clk 0:28:20]} Qf8 {[%clk
0:20:36]} 20. Qh4 {[%clk 0:17:18]} h5 {[%clk 0:21:01]} 21. h3 {[%clk 0:15:37]}
Rab8 {[%clk 0:20:55]} 22. g4 {[%clk 0:15:43]} Rb4 {[%clk 0:21:12]} 23. a3 {[%clk
0:15:57]} Ra4 {[%clk 0:17:31]} 24. b3 {[%clk 0:15:25]} Qxa3 {[%clk 0:07:12]} 25.
bxa4 {[%clk 0:10:00]} Qxf3 {[%clk 0:07:40]} 26. Re3 {[%clk 0:08:33]} Qd1+ {[%clk
0:07:32]} 27. Kh2 {[%clk 0:09:03]} Rb8 {[%clk 0:06:15]} 28. Bf4 {[%clk 0:05:10]}
Rb1 {[%clk 0:06:00]} 29. Qd8+ {[%clk 0:05:03]} Kh7 {[%clk 0:06:29]} 30. Kg3
{[%clk 0:04:40]} Qd4 {[%clk 0:00:33]} 31. Qf6 {[%clk 0:04:29]} Be6 {[%clk
0:00:35]} 32. Bh6 {[%clk 0:04:24]} h4+ {[%clk 0:00:31]} 33. Kxh4 {[%clk 0:04:36]}
1-0

[Event "Irena Warakomska Memorial A"]
[Site "Suwalki"]
[Date "2021.08.01"]
[Round "7"]
[White "Jankowiak, Piotr"]
[Black "Kumala, Aleksander"]
[Result "0-1"]
[Board "37"]
[WhiteElo "2039"]
[WhiteCountry "POL"]
[WhiteFideId "1185250"]
[WhiteEloChange "-6"]
[BlackElo "2206"]
[BlackTitle "CM"]
[BlackCountry "POL"]
[BlackFideId "1141880"]
[BlackEloChange "6"]

1. e4 {[%clk 1:30:57]} e6 {[%clk 1:30:56]} 2. d4 {[%clk 1:31:10]} d5 {[%clk
1:31:20]} 3. Nd2 {[%clk 1:30:56]} Nc6 {[%clk 1:28:10]} 4. c3 {[%clk 1:24:20]} e5
{[%clk 1:27:34]} 5. dxe5 {[%clk 1:16:26]} Nxe5 {[%clk 1:27:47]} 6. Ngf3 {[%clk
1:12:53]} Nxf3+ {[%clk 1:25:51]} 7. Qxf3 {[%clk 1:12:45]} Be6 {[%clk 1:18:36]} 8.
Bd3 {[%clk 1:07:11]} Qf6 {[%clk 1:14:03]} 9. Qxf6 {[%clk 0:52:41]} Nxf6 {[%clk
1:13:52]} 10. exd5 {[%clk 0:47:52]} Bxd5 {[%clk 1:11:19]} 11. O-O {[%clk
0:47:44]} O-O-O {[%clk 1:11:33]} 12. Bf5+ {[%clk 0:45:09]} Kb8 {[%clk 1:11:38]}
13. b4 {[%clk 0:43:21]} g6 {[%clk 1:11:47]} 14. Bc2 {[%clk 0:43:19]} Bg7 {[%clk
1:12:03]} 15. c4 {[%clk 0:35:34]} Be4 {[%clk 0:58:39]} 16. Nxe4 {[%clk 0:27:32]}
Nxe4 {[%clk 0:58:41]} 17. Rb1 {[%clk 0:27:41]} Nc3 {[%clk 0:59:04]} 18. Rb3
{[%clk 0:27:00]} Ne2+ {[%clk 0:50:49]} 19. Kh1 {[%clk 0:27:24]} Nxc1 {[%clk
0:51:15]} 20. Rxc1 {[%clk 0:27:44]} Rd4 {[%clk 0:51:41]} 21. Bd3 {[%clk 0:15:31]}
Rhd8 {[%clk 0:51:42]} 22. Re1 {[%clk 0:15:03]} a5 {[%clk 0:51:40]} 23. Be2 {[%clk
0:14:46]} Rd2 {[%clk 0:51:38]} 24. Bf3 {[%clk 0:13:51]} a4 {[%clk 0:47:48]} 25.
Ra3 {[%clk 0:13:50]} Rxf2 {[%clk 0:48:11]} 26. Rxa4 {[%clk 0:12:49]} Bc3 {[%clk
0:48:39]} 27. Rb1 {[%clk 0:11:56]} Rdd2 {[%clk 0:48:54]} 28. a3 {[%clk 0:10:31]}
g5 {[%clk 0:47:31]} 29. h3 {[%clk 0:04:09]} Be5 {[%clk 0:47:00]} 30. Ra5 {[%clk
0:03:38]} f6 {[%clk 0:47:07]} 31. Rb5 {[%clk 0:02:50]} b6 {[%clk 0:46:28]} 32. c5
{[%clk 0:01:41]} h5 {[%clk 0:44:23]} 33. cxb6 {[%clk 0:01:52]} g4 {[%clk
0:44:51]} 34. hxg4 {[%clk 0:01:17]} hxg4 {[%clk 0:45:13]} 35. bxc7+ {[%clk
0:00:57]} Kxc7 {[%clk 0:45:41]} 36. Rc1+ {[%clk 0:00:50]} Rc2 {[%clk 0:45:09]}
37. Rc5+ {[%clk 0:00:52]} Rxc5 {[%clk 0:45:35]} 38. Rxc5+ {[%clk 0:01:14]} Kb6
{[%clk 0:44:17]} 39. Kg1 {[%clk 0:01:07]} Bd4 {[%clk 0:44:45]} 40. Bxg4 {[%clk
0:30:44]} Ra2+ {[%clk 1:12:14]} 41. Kh2 {[%clk 0:30:42]} Bxc5 {[%clk 1:12:40]}
42. bxc5+ {[%clk 0:31:07]} Kxc5 {[%clk 1:13:06]} 43. Kg3 {[%clk 0:27:52]} Kd6
{[%clk 1:09:30]} 44. Bf3 {[%clk 0:27:09]} Ke5 {[%clk 1:09:44]} 45. Kg4 {[%clk
0:26:06]} Rxa3 {[%clk 1:10:00]} 46. Bb7 {[%clk 0:21:35]} f5+ {[%clk 1:10:18]} 47.
Kh5 {[%clk 0:20:18]} Rg3 {[%clk 1:10:12]} 48. Bf3 {[%clk 0:19:49]} Kf4 {[%clk
1:09:59]} 49. Bb7 {[%clk 0:20:04]} Ke3 {[%clk 1:10:15]} 50. Bc8 {[%clk 0:18:05]}
f4 {[%clk 1:10:32]} 51. Bb7 {[%clk 0:18:26]} Kf2 {[%clk 1:10:56]} 52. Kh4 {[%clk
0:18:29]} Rxg2 {[%clk 1:11:18]} 0-1

[Event "Irena Warakomska Memorial A"]
[Site "Suwalki"]
[Date "2021.08.01"]
[Round "7"]
[White "Krainski, Aleksander"]
[Black "Praczukowski, Stanislaw"]
[Result "0-1"]
[Board "38"]
[WhiteElo "2066"]
[WhiteTitle "FM"]
[WhiteCountry "POL"]
[WhiteFideId "1102400"]
[WhiteEloChange "-7"]
[BlackElo "2156"]
[BlackCountry "POL"]
[BlackFideId "1182730"]
[BlackEloChange "7"]

1. Nf3 {[%clk 1:30:54]} d5 {[%clk 1:30:51]} 2. d4 {[%clk 1:30:58]} Nf6 {[%clk
1:31:11]} 3. e3 {[%clk 1:31:21]} c6 {[%clk 1:31:18]} 4. c4 {[%clk 1:30:30]} e6
{[%clk 1:31:06]} 5. Nc3 {[%clk 1:30:46]} Nbd7 {[%clk 1:31:05]} 6. Qc2 {[%clk
1:31:00]} Bd6 {[%clk 1:30:37]} 7. Be2 {[%clk 1:30:18]} dxc4 {[%clk 1:30:04]} 8.
a4 {[%clk 1:30:35]} O-O {[%clk 1:29:12]} 9. O-O {[%clk 1:30:56]} e5 {[%clk
1:27:42]} 10. Bxc4 {[%clk 1:30:57]} exd4 {[%clk 1:23:35]} 11. exd4 {[%clk
1:29:39]} Nb6 {[%clk 1:23:04]} 12. Bb3 {[%clk 1:29:19]} Nbd5 {[%clk 1:16:26]} 13.
h3 {[%clk 1:20:54]} h6 {[%clk 1:07:20]} 14. Re1 {[%clk 1:15:57]} Be6 {[%clk
1:02:55]} 15. Ne5 {[%clk 0:55:19]} Re8 {[%clk 0:52:54]} 16. Bd2 {[%clk 0:37:41]}
Rc8 {[%clk 0:52:13]} 17. Qd1 {[%clk 0:28:03]} Bf8 {[%clk 0:45:30]} 18. a5 {[%clk
0:26:59]} Nxc3 {[%clk 0:41:05]} 19. bxc3 {[%clk 0:25:07]} a6 {[%clk 0:35:20]} 20.
Qb1 {[%clk 0:18:41]} Qc7 {[%clk 0:31:48]} 21. Qa2 {[%clk 0:17:50]} c5 {[%clk
0:24:09]} 22. Rad1 {[%clk 0:12:57]} Bxb3 {[%clk 0:22:34]} 23. Qxb3 {[%clk
0:13:01]} c4 {[%clk 0:22:23]} 24. Qa2 {[%clk 0:12:07]} Bd6 {[%clk 0:21:43]} 25.
Nf3 {[%clk 0:08:06]} Qc6 {[%clk 0:20:56]} 26. Rb1 {[%clk 0:08:21]} Nd5 {[%clk
0:20:29]} 27. Qc2 {[%clk 0:08:36]} Bf4 {[%clk 0:18:00]} 28. Rbc1 {[%clk 0:06:11]}
Qf6 {[%clk 0:16:05]} 29. Rxe8+ {[%clk 0:03:52]} Rxe8 {[%clk 0:16:16]} 30. Re1
{[%clk 0:03:39]} Rxe1+ {[%clk 0:14:20]} 31. Bxe1 {[%clk 0:04:01]} Qe6 {[%clk
0:12:04]} 32. Kf1 {[%clk 0:04:11]} Bc7 {[%clk 0:11:59]} 33. Qa2 {[%clk 0:02:38]}
Nf4 {[%clk 0:09:47]} 34. Qb1 {[%clk 0:01:50]} Qd5 {[%clk 0:08:52]} 35. Bd2 {[%clk
0:01:56]} Nd3 {[%clk 0:08:50]} 36. Qd1 {[%clk 0:01:19]} Bxa5 {[%clk 0:08:14]} 0-1

[Event "Irena Warakomska Memorial A"]
[Site "Suwalki"]
[Date "2021.08.02"]
[Round "8"]
[White "Laurusas, Tomas"]
[Black "Chatalbashev, Boris"]
[Result "1/2-1/2"]
[Board "1"]
[WhiteElo "2518"]
[WhiteTitle "IM"]
[WhiteCountry "LTU"]
[WhiteFideId "12803731"]
[BlackElo "2535"]
[BlackTitle "GM"]
[BlackCountry "DEN"]
[BlackFideId "2900440"]

1. d4 {[%clk 1:30:57]} Nf6 {[%clk 1:30:00]} 2. c4 {[%clk 1:31:18]} e6 {[%clk
1:30:21]} 3. Nf3 {[%clk 1:26:43]} c5 {[%clk 1:30:44]} 4. d5 {[%clk 1:27:09]} d6
{[%clk 1:31:09]} 5. Nc3 {[%clk 1:27:34]} exd5 {[%clk 1:31:34]} 6. cxd5 {[%clk
1:27:59]} g6 {[%clk 1:31:59]} 7. Nd2 {[%clk 1:28:26]} Bg7 {[%clk 1:32:23]} 8. e4
{[%clk 1:28:52]} O-O {[%clk 1:32:47]} 9. Be2 {[%clk 1:29:20]} Na6 {[%clk
1:33:09]} 10. O-O {[%clk 1:29:43]} Nc7 {[%clk 1:33:35]} 11. a4 {[%clk 1:30:02]}
b6 {[%clk 1:33:59]} 12. Nc4 {[%clk 1:27:31]} Ba6 {[%clk 1:34:22]} 13. Rb1 {[%clk
1:26:34]} Bxc4 {[%clk 1:28:38]} 14. Bxc4 {[%clk 1:22:57]} a6 {[%clk 1:29:06]} 15.
b4 {[%clk 1:21:07]} b5 {[%clk 1:25:25]} 16. axb5 {[%clk 1:15:00]} axb5 {[%clk
1:25:50]} 17. Bxb5 {[%clk 1:15:10]} Nxb5 {[%clk 0:52:18]} 18. Nxb5 {[%clk
1:14:43]} Nxe4 {[%clk 0:51:12]} 19. bxc5 {[%clk 1:04:37]} dxc5 {[%clk 0:50:52]}
20. Bf4 {[%clk 0:43:03]} Qf6 {[%clk 0:43:23]} 21. Qf3 {[%clk 0:41:50]} Ra4 {[%clk
0:41:39]} 22. Be3 {[%clk 0:30:54]} Rd8 {[%clk 0:40:52]} 23. Rfd1 {[%clk 0:29:33]}
Qxf3 {[%clk 0:37:41]} 24. gxf3 {[%clk 0:28:53]} Nf6 {[%clk 0:38:03]} 25. d6
{[%clk 0:28:45]} Nd7 {[%clk 0:37:55]} 26. Nc7 {[%clk 0:19:53]} c4 {[%clk
0:36:12]} 27. Nd5 {[%clk 0:16:03]} c3 {[%clk 0:29:27]} 28. Rdc1 {[%clk 0:15:13]}
Ra6 {[%clk 0:24:25]} 29. Nxc3 {[%clk 0:13:32]} Bxc3 {[%clk 0:18:58]} 30. Rxc3
{[%clk 0:13:57]} Rxd6 {[%clk 0:19:23]} 31. Rb7 {[%clk 0:14:04]} Ne5 {[%clk
0:18:02]} 32. Kg2 {[%clk 0:13:43]} Rc6 {[%clk 0:15:16]} 33. Rxc6 {[%clk 0:13:05]}
Nxc6 {[%clk 0:15:40]} 34. Rc7 {[%clk 0:13:26]} Nd4 {[%clk 0:15:07]} 1/2-1/2

[Event "Irena Warakomska Memorial A"]
[Site "Suwalki"]
[Date "2021.08.02"]
[Round "8"]
[White "Pultinevicius, Paulius"]
[Black "Janik, Igor"]
[Result "1-0"]
[Board "2"]
[WhiteElo "2492"]
[WhiteTitle "GM"]
[WhiteCountry "LTU"]
[WhiteFideId "12809390"]
[WhiteEloChange "5"]
[BlackElo "2500"]
[BlackTitle "IM"]
[BlackCountry "POL"]
[BlackFideId "1159259"]
[BlackEloChange "-5"]

1. d4 {[%clk 1:30:58]} Nf6 {[%clk 1:30:55]} 2. c4 {[%clk 1:31:05]} e6 {[%clk
1:31:19]} 3. Nf3 {[%clk 1:31:31]} d5 {[%clk 1:31:43]} 4. Nc3 {[%clk 1:31:57]}
dxc4 {[%clk 1:32:07]} 5. e3 {[%clk 1:32:22]} a6 {[%clk 1:31:41]} 6. Bxc4 {[%clk
1:32:48]} b5 {[%clk 1:32:04]} 7. Bb3 {[%clk 1:33:15]} Bb7 {[%clk 1:31:25]} 8. O-O
{[%clk 1:33:39]} c5 {[%clk 1:30:30]} 9. e4 {[%clk 1:34:04]} cxd4 {[%clk 1:30:15]}
10. Nxd4 {[%clk 1:34:30]} Nbd7 {[%clk 1:30:33]} 11. Be3 {[%clk 1:34:46]} Ne5
{[%clk 1:16:29]} 12. Qe2 {[%clk 1:06:12]} Qb8 {[%clk 1:09:51]} 13. h3 {[%clk
0:44:50]} Ng6 {[%clk 1:06:50]} 14. f4 {[%clk 0:31:14]} b4 {[%clk 0:59:12]} 15.
Ba4+ {[%clk 0:30:36]} Nd7 {[%clk 0:59:37]} 16. Rad1 {[%clk 0:28:59]} Bd6 {[%clk
0:59:27]} 17. e5 {[%clk 0:26:50]} bxc3 {[%clk 0:58:53]} 18. exd6 {[%clk 0:26:46]}
cxb2 {[%clk 0:57:28]} 19. f5 {[%clk 0:26:48]} exf5 {[%clk 0:55:22]} 20. Bg5+
{[%clk 0:23:43]} Be4 {[%clk 0:55:36]} 21. Nxf5 {[%clk 0:23:21]} Qb4 {[%clk
0:55:16]} 22. Nxg7+ {[%clk 0:18:30]} Kf8 {[%clk 0:55:41]} 23. Ne6+ {[%clk
0:15:13]} Kg8 {[%clk 0:55:17]} 24. Bxd7 {[%clk 0:15:27]} b1=Q {[%clk 0:55:16]}
25. Rxb1 {[%clk 0:15:46]} Bxb1 {[%clk 0:55:42]} 26. Qf2 {[%clk 0:15:35]} f5
{[%clk 0:55:36]} 27. Bc6 {[%clk 0:13:15]} Kf7 {[%clk 0:55:14]} 28. Nc7 {[%clk
0:11:34]} h6 {[%clk 0:53:42]} 29. Bd5+ {[%clk 0:09:40]} Kg7 {[%clk 0:53:55]} 30.
Bd2 {[%clk 0:09:43]} Qxd6 {[%clk 0:53:58]} 31. Qd4+ {[%clk 0:08:34]} Kh7 {[%clk
0:53:51]} 32. Bg8+ {[%clk 0:08:21]} 1-0